Para entrar en el paraiso (Record no. 20328)
[ view plain ]
| 000 -LEADER | |
|---|---|
| campo de control de longitud fija | 00555nam a2200193 i 4500 |
| 001 - NÚMERO DE CONTROL | |
| campo de control | 20328 |
| 003 - IDENTIFICADOR DE NÚMERO DE CONTROL | |
| campo de control | ES-MaACL |
| 005 - FECHA Y HORA DE LA ÚLTIMA TRANSACCIÓN | |
| campo de control | 20230906152258.0 |
| 007 - CAMPO FIJO DE DESCRIPCIÓN FÍSICA--INFORMACIÓN GENERAL | |
| campo de control de longitud fija | t| |
| 008 - DATOS DE LONGITUD FIJA--INFORMACIÓN GENERAL | |
| campo de control de longitud fija | 021111s1922 sp |||| | spa d |
| 100 1# - ENTRADA PRINCIPAL--NOMBRE DE PERSONA | |
| Nombre de persona | Aguilar Catena, J. |
| 9 (RLIN) | 18716 |
| 245 10 - MENCIÓN DEL TÍTULO | |
| Título | Para entrar en el paraiso |
| Resto del título | : novela / |
| Mención de responsabilidad, etc. | J. Aguilar Catena. |
| 260 ## - PUBLICACIÓN, DISTRIBUCIÓN, ETC. | |
| Lugar de publicación, distribución, etc. | Barcelona : |
| Nombre del editor, distribuidor, etc. | Juventud, |
| Fecha de publicación, distribución, etc. | [1922] ( |
| Fabricante | Clarasó) |
| 300 ## - DESCRIPCIÓN FÍSICA | |
| Extensión | 314 p. ; |
| Dimensiones | 19 cm. |
| 490 1# - MENCIÓN DE SERIE | |
| Mención de serie | Nueva colección hogar |
| 830 0# - PUNTO DE ACCESO ADICIONAL DE SERIE-TÍTULO UNIFORME | |
| Título uniforme | Nueva colección hogar |
| 9 (RLIN) | 228920 |
| 852 ## - LOCALIZACIÓN | |
| Ubicación | ES-MaACL |
| Número de control de estantería | A-1128 |
| Estatus retirado | Estado de pérdida | Estado de daño | No para préstamo | Biblioteca de origen | Biblioteca actual | Ubicación en estantería | Fecha de adquisición | Fuente de adquisición | Total de préstamos | Signatura topográfica completa | Código de barras | Visto por última vez | Precio de reemplazo | Tipo de ítem Koha |
|---|---|---|---|---|---|---|---|---|---|---|---|---|---|---|
| Biblioteca del Ateneo de Madrid | Biblioteca del Ateneo de Madrid | Sala Pecera Planta 1 | 17/01/2008 | A-1128 | 1020844 | 23/02/2023 | 23/02/2023 | Libro impreso |
